6-Letter Geography Alphabet Blitz Quiz Stats

Quiz Updated Jun 23, 2016

Challenge
Share
Tweet
Embed
Score 0/22 Timer 03:00
1 Play Today
Letter Country/Capital % Correct
BBamako, Bangui, Banjul, Beirut, Berlin, Bissau, Bogota, Belize, Bhutan, Brazil, Brunei
91.3%
MMadrid, Majuro, Malabo, Manama, Manila, Maputo, Maseru, Monaco, Moroni, Moscow, Muscat, Malawi, Mexico
85.6%
LLisbon, London, Luanda, Lusaka, Latvia
81%
ZZagreb, Zambia
80.5%
RRiyadh, Roseau, Russia, Rwanda
79.1%
FFrance
77.8%
GGreece, Guinea, Guyana, Gambia
77.5%
TTaipei, Tarawa, Tehran, Tirana, Taiwan, Turkey, Tuvalu
77%
AAnkara, Asmara, Astana, Athens, Angola
73.1%
PPrague, Panama, Poland
70.1%
CCanada, Cyprus
68.6%
Letter Country/Capital % Correct
SSkopje, Serbia, Sweden
64.6%
WWarsaw
62.6%
KKigali, Kosovo, Kuwait
61.5%
NNassau, Niamey, Norway
59.8%
UUganda
58.5%
JJordan
55%
IIsrael
50.3%
OOttawa
44.5%
VVienna
43.1%
DDodoma, Dublin
42%
HHarare, Havana
39.3%

You're not logged in!

Compare scores with friends on all Sporcle quizzes.
Join for Free
OR
Log In

You Might Also Like...

Show Comments

Extras

Top Quizzes Today


Score Distribution

Your Account Isn't Verified!

In order to create a playlist on Sporcle, you need to verify the email address you used during registration. Go to your Sporcle Settings to finish the process.

Report this User

Report this user for behavior that violates our Community Guidelines.

Details: